000 00357nam a2200133Ia 4500
008 210210b1969 xxu||||| |||| 00| 0 eng d
082 _a398.2 CHAO
100 _aCHADWICK (Nora K) and ZHIRMUNSKY (Victor).
245 _aOral epics of central Asia.
260 _aCambridge.
_bNot Mentioned
_c1969
300 _avii,366
690 _aFolklore
906 _a027932
999 _c79197
_d79197